Караканское месторождение в Кузбассе - новая база для открытой разработки углей; Известия Томского политехнического института [Известия ТПИ]; Т. 177 : Геология

書誌詳細
Parent link:Известия Томского политехнического института [Известия ТПИ]/ Томский политехнический институт (ТПИ).— , 1944-1976
Т. 177 : Геология.— 1971.— [С. 114-117]
その他の著者: Курбатова А. А., Жданова К. Д., Евтушенко В. Е., Носкова А. Г.
要約:Заглавие с титульного листа
Электронная версия печатной публикации
言語:ロシア語
出版事項: 1971
主題:
オンライン・アクセス:Черно-белая версия для предварительного просмотра
Цветная версия без потери качества
フォーマット: MixedMaterials 電子媒体 図書の章
KOHA link:https://koha.lib.tpu.ru/cgi-bin/koha/opac-detail.pl?biblionumber=213381

MARC

LEADER 00000nla2a2200000 4500
001 213381
005 20231031193101.0
035 |a (RuTPU)RU\TPU\book\233161 
035 |a RU\TPU\book\233152 
090 |a 213381 
100 |a 20120409d1971 k y0rusy50 ca 
101 0 |a rus 
102 |a RU 
135 |a drnn ---uucaa 
181 0 |a i  
182 0 |a b 
200 1 |a Караканское месторождение в Кузбассе - новая база для открытой разработки углей  |b Электронный ресурс  |f А. А. Курбатова [и др.] 
203 |a Текст  |c электронный 
215 |a 2 файла (310 Кб, 11.8 Мб) 
230 |a Электронные текстовые данные (2 файла : 310 Кб, 11.8 Мб) 
300 |a Заглавие с титульного листа 
300 |a Электронная версия печатной публикации 
320 |a [Библиогр.: с. 117 (2 назв.)] 
337 |a Adobe Reader 
461 1 |0 (RuTPU)RU\TPU\book\200995  |t Известия Томского политехнического института [Известия ТПИ]  |f Томский политехнический институт (ТПИ)  |d 1944-1976 
463 1 |0 (RuTPU)RU\TPU\book\233129  |t Т. 177 : Геология  |v [С. 114-117]  |d 1971  |p 218 с. 
610 1 |a электронный ресурс 
610 1 |a труды учёных ТПУ 
701 1 |a Курбатова  |b А. А. 
701 1 |a Жданова  |b К. Д. 
701 1 |a Евтушенко  |b В. Е. 
701 1 |a Носкова  |b А. Г. 
801 1 |a RU  |b 63413507  |c 20090320  |g PSBO 
801 2 |a RU  |b 63413507  |c 20121004  |g PSBO 
856 4 |u http://www.lib.tpu.ru/fulltext/v/Bulletin_TPU/1971/v177/16_bw.pdf  |z Черно-белая версия для предварительного просмотра 
856 4 |u http://www.lib.tpu.ru/fulltext/v/Bulletin_TPU/1971/v177/16_full.pdf  |z Цветная версия без потери качества 
942 |c CF